Truyện nàng Út Lót - Đạo Hồi Liêu Tình ca dân tộc Mường - song ngữ

Khảo cứu về tác phẩm nàng Út Lót- Đạo Hồi Liệu.

Zapisane w:
Opis bibliograficzny
1. autor: Cao Sơn Hải
Format: Książka
Język:Vietnamese
Wydane: H. Hội nhà văn 2016
Hasła przedmiotowe:
Etykiety: Dodaj etykietę
Nie ma etykietki, Dołącz pierwszą etykiete!
Thư viện lưu trữ: Mạng thư viện Đại học Đà Nẵng
LEADER 01323nam a2200349 4500
001 000024906
003 21397
005 20170323160348.0
008 170321s2016 viesd
041 0 |a vie 
082 1 4 |a 398.2209597  |b CA-H 
100 1 |a Cao Sơn Hải 
245 1 0 |a Truyện nàng Út Lót - Đạo Hồi Liêu  |b Tình ca dân tộc Mường - song ngữ  |c Cao Sơn Hải sưu tầm, biên dịch và khảo cứu. 
260 |a H.  |b Hội nhà văn  |c 2016 
300 |a 194 tr.  |c 21 cm. 
500 |a ĐTTS ghi: Hội Văn nghệ dân gian Việt Nam 
520 3 |a Khảo cứu về tác phẩm nàng Út Lót- Đạo Hồi Liệu. 
650 0 4 |a Văn học dân gian  |x Truyện cổ  |z Việt Nam 
650 0 4 |a Thơ dân gian Mường  |z Việt Nam 
653 |a Dân tộc Mường 
653 |a Văn học dân gian 
653 |a Tình ca 
OWN |a LSP 
AVA |a UDN50  |b LSP  |d 398.2209597 CA-H  |e available  |t Error 5001 Not defined in file expand_doc_bib_avail.  |f 1  |g 0  |h N  |i 0  |k 1 
999 |a From the UDN01 
AVA |a UDN50  |b LSP  |d 398.2209597 CA-H  |e available  |t Error 5001 Not defined in file expand_doc_bib_avail.  |f 1  |g 0  |h N  |i 0  |k 1 
TYP |a Monograph 
TYP |a Printed language 
980 |a Mạng thư viện Đại học Đà Nẵng